History Quiz

Random History or War Quiz

Which Happened First? (American Revolution) Quiz Stats

 Plays Quiz Updated Apr 6, 2015

Challenge
Share
Tweet
Embed
Score 0/12 Timer 03:00
6 Plays Today
A First to Occur % Correct
The Stamp Act???
76.5%
Hessian troops first arrive in New York???
70.3%
Battle of Bunker Hill???
69.1%
Declaration of Independence ratified???
66.5%
Nathan Hale is captured by the British???
64.4%
The Second Continental Congress creates the Continental Navy???
63.8%
Henry Clinton becomes Commander-in-Chief of the British Army in North America???
60.4%
The Boston Tea Party???
57%
British occupy New York City???
46.5%
The Second Continental Congress establishes the flag of the United States???
45.1%
Patrick Henry says 'Give me liberty, or give me death!'???
41.4%
The Winter at Valley Forge, PA???
40.8%

You're not logged in!

Compare scores with friends on all Sporcle quizzes.
OR
Log In

You Might Also Like...

Show Comments

Extras

Top Quizzes Today


Score Distribution

Your Account Isn't Verified!

In order to create a playlist on Sporcle, you need to verify the email address you used during registration. Go to your Sporcle Settings to finish the process.

Report this User

Report this user for behavior that violates our Community Guidelines.

Details: